00633nam a2200169Ia 4500008004100000041000800041082001700049100002500066245003300091260003300124300000800157365001700165700002500182906005900207999001900266952017800285230718s9999 xx 000 0 und d aeng a658.787bKRI aKrishna S.J.(Editor) aRFIDbApplications And Cases c2010bICFAI University Press a349 cRs.b1050.00 aKrishna S.J.(Editor) dO:0159701-Mar-2011B:110110106015-Feb-2011cMGMTb262.5 c327395d327395 00104070aCCEPbCCEPd2011-01-03eVarma Book DistributorsfMGMTg787.50i1101101060l0o658.787pCCEP-BK-38602r2023-07-18 00:00:00t262.5v1050.00w2011-02-15yBKz038602